Harry Potter Teachers - Statistics

General Stats
  • This quiz has been taken 1,421 times
  • The average score is 19 of 29
Answer Stats
Hint Answer % Correct
8 DADA 6th year Severus Snape
96%
15 Potions Severus Snape
96%
5 DADA 3rd year Remus Lupin
94%
10 Transfiguration Minerva McGonagall
92%
7 DADA 5th year Dolores Umbridge
91%
11 Care of magical creatures Rubeus Hagrid
91%
2 Charms Filius Flitwick
90%
4 DADA 2nd year Gilderoy Lockhart
90%
6 DADA 4th year Alastor Moody
89%
25 Head Master Albus Dumbledore
87%
16 Potions 6th year Horace Slughorn
85%
1 Herbology Pomona Sprout
83%
20 Divination (centaur) Firenze
82%
14 Future Herbology Neville Longbottom
80%
29 Care Taker Argus Filch
76%
19 Divination Sybill Trelawney
76%
3 DADA 1st year Quirinus Quirrell
73%
9 DADA 7th year Amycus Carrow
68%
23 Flying Rolanda Hooch
57%
17 Astronomy Aurora Sinistra
47%
28 History of magic Cuthbert Binns
46%
12 Care of magical creatures (substitute) Wilhelmina Grubbly Plank
44%
27 Past head master (in tom riddles diary memory) Armando Dippet
42%
18 Librarian Irma Pince
41%
21 Arithmancy Septima Vector
30%
13 Previous C.O.M.C Silvanus Kettleburn
23%
22 Ancient Runes Bathsheda Babbling
16%
24 DADA (PAST) (mentioned by Tom Riddle) Galatea Merrythought
12%
26 Past care taker (arthur still has the marks) Apollyon Pringle
9%
No matching quizzes found
Score Distribution
Percent of People with Each Score
Percentile by Number Answered
Your Score History
You have not taken this quiz